| 000 | 00583nam a2200193 a 4500 | ||
|---|---|---|---|
| 005 | 20210223130313.0 | ||
| 008 | 071003s1990 ag r 000 0 spa d | ||
| 035 | _aUPN01000152558 | ||
| 049 | _aCG | ||
| 050 | 4 |
_aBX4700 F6 _bK3.6 1990 |
|
| 100 | 1 |
_aKazantzakis, Nikos, _d1885-1957 |
|
| 245 | 1 | 3 |
_aEl pobre de Asís / _cNiko Kazantzakis ; tr. Enrique Pezzoni. |
| 250 | _a8a ed. | ||
| 260 |
_aBuenos Aires : _bCarlos Lohlé, _c1990. |
||
| 300 | _a356 p. | ||
| 534 |
_pTítulo original: _tLe pauvre d'Asis |
||
| 600 | 0 | 4 |
_aFRANCISCO, _cDE ASIS, SAN, _d1182-1226 _98072 |
| 905 | _aLibro | ||
| 999 |
_c124681 _d124681 |
||